Statistiques concernant Codes Aéroport - Europe

Cliquez ici pour prendre le quiz!

Statistiques générales

  • Ce quiz a été pris 298 fois
  • Le résultat moyen est 18 sur 25

Statistiques - réponses

CodeCity% Correct
AMSAmsterdam
100%
MADMadrid
97%
OSLOslo
97%
CDGParis
97%
LISLisbonne
96%
DUBDublin
95%
BRUBruxelles
94%
ATHAthènes
93%
IBZIbiza
92%
MANManchester
91%
FRAFrancfort
88%
BCNBarcelona
84%
CPHCopenhague
80%
LHRLondon
76%
MUCMunich
74%
FCORome
71%
LYSLyon
68%
DMEMoscou
65%
RKVReykjavik
62%
MXPMilan
56%
SJJSarajevo
35%
BHXBirmingham
34%
LEDSaint-Petersbourg
19%
MSQMinsk
18%
FNCFunchal
17%

Distribution des résultats

Percentile par nombre de réponses

% des personnes avec chaque résultat

Votre développement - résultats

Vous n’avez pas pris ce quiz